| 000 | 00411nam a2200157 i 4500 | ||
|---|---|---|---|
| 001 | bg | ||
| 245 | 4 |
_aThe Science and Technology of Superconductivity. _nVol. 1 / _c[ed.] W.D. Gregory [i in.]. |
|
| 260 |
_aNew York : _bPlenum Press, _c1973. |
||
| 020 | _a0306376318 | ||
| 040 | _cBPK | ||
| 041 | _apol | ||
| 080 | _a53 | ||
| 920 | _a0-306-37631-8 | ||
| 942 | _cKS | ||
| 008 | s pl f |000 0 pol | ||
| 999 |
_c18310 _d18310 |
||
| 856 |
_uhttp://koha.tu.koszalin.pl/cgi-bin/koha/opac-detail.pl?biblionumber=18310 _yKatalog online BPK |
||